Normal view
MARC view
- Theobald, John,
Entry Personal Name
001 - CONTROL NUMBER
- control field: 41938
003 - CONTROL NUMBER IDENTIFIER
- control field: DLC
005 - DATE AND TIME OF LATEST TRANSACTION
- control field: 20181115102846.0
008 - FIXED-LENGTH DATA ELEMENTS
- fixed length control field: 970310n| acannaab| |n aaa |||
010 ## - LIBRARY OF CONGRESS CONTROL NUMBER
- LC control number: n 97024843
040 ## - CATALOGING SOURCE
- Original cataloging agency: DLC
- Language of cataloging: eng
- Transcribing agency: DLC
- Modifying agency: EG-ScBUE
100 10 - HEADING--PERSONAL NAME
- Personal name: Theobald, John,
- Dates associated with a name: 1946-
670 ## - SOURCE DATA FOUND
- Source citation: His The paper ghetto, c1996:
- Information found: t.p. (John Theobald) cover p. 4 (b. in London in 1946; studied at Univs. of Southampton and Vienna; doctorate in 1975; assoc. prof. in mod. langs. at Southampton Institute since 1995)